Pays Alpins - Statistiques

Statistiques générales
  • Ce quiz a été pris 123 fois
  • Le résultat moyen est 7 sur 8
Statistiques - réponses
Pays % Correct
France
100%
Suisse
100%
Italie
99%
Autriche
98%
Allemagne
97%
Liechtenstein
89%
Slovénie
84%
Monaco
56%
Aucun quiz correspondant
Distribution des résultats
% des personnes avec chaque résultat
Percentile par nombre de réponses
Votre historique - résultats
Vous n’avez pas pris ce quiz